000 00623nam a2200217 a 4500
001 BRL_554
005 20190320210810.0
008 020913s19uu----gw-#######---#000-0#ger-#
041 _ager
044 _agw
050 4 _aPS3523
_b.L66 1900
100 1 _aLondon, Jack
_d1876-1916
_916223
245 1 0 _aFeuer auf see
_bGeschichten aus der Südsee und aus dem Wäldern des Nordens
_cvon Jack London.
260 _aLeipzig
_bInsel-Verlag
_c[19--]
300 _a73 p.
_c19 cm.
440 0 _aInsel-Bücherei
_vNr. 297
_924281
500 _aAu639
650 1 4 _aLiteratura estadounidense
_924282
902 _aGRL
942 _2lcc
_cB
999 _c9366
_d9366